Spell the Marvel Character #84 - Statistics

General Stats
  • This quiz has been taken 15 times
  • The average score is 3 of 5
Answer Stats
Picture Answer % Correct
America Chavez
100%
Uranian
83%
Quaz
50%
Quentin Quire
50%
Zuras
50%
No matching quizzes found
Score Distribution
Percent of People with Each Score
Percentile by Number Answered
Your Score History
You have not taken this quiz